Comentarios al trabajo de David Slater /

Guardado en:
書目詳細資料
主要作者: Lungo Uclés, Mario
格式: Texto
主題:
標簽: 添加標簽
沒有標簽, 成為第一個標記此記錄!

MARC

LEADER 00000 a a2200000 04500
001 7840
003
040
100 |a Lungo Uclés, Mario  
245 |a Comentarios al trabajo de David Slater /  |c Mario Lungo Uclés 
650 |a COMENTARIOS  
650 |a ESTUDIOS DE CASO  
650 |a TEORIA  
650 |a PODER POLITICO  
650 |a TIERRA  
773 |g número 44; páginas 43-44  
999 |c 29787  |d 29787 
773 0 |0 18875  |9 5303  |a Universidad de Costa Rica.  |d San José, Costa Rica: Universidad de Costa Rica. Consejo Superior Universitario Centroamericano, 1972-  |o 14344  |t Estudios Sociales Centroamericanos /  |x 03039676